[Event "Andorra op 29th"]
[Site "Arinsal"]
[Date "2011.07.21"]
[Round "6"]
[White "Arizmendi Martinez, Julen Luis"]
[Black "Almeida Quintana, Omar"]
[Result "1-0"]
[WhiteElo "2555"]
[BlackElo "2548"]
[Annotator "Arizmendi,J"]
[PlyCount "59"]
[EventDate "2011.07.16"]
[EventType "swiss"]
[EventRounds "9"]
[EventCountry "AND"]
[SourceTitle "CBM 143 Extra"]
[Source "ChessBase"]
[SourceDate "2011.08.29"]
[SourceVersion "1"]
[SourceVersionDate "2011.08.29"]
[SourceQuality "1"]

1. d4 d6 2. Nf3 g6 3. c4 Bg7 4. Nc3 c6 {During my preparation for this game I
noticed that in the past few years my opponent had been playing the Modern as
his main defence, with all sorts of different move-orders. Last time we played
he went for a Benoni, but during the game I had the feeling that he would
deviate and try to create a chaotic position which suits his style very well.
And yet, I wasn't expecting this line. Not only had he never tried it before,
but I have played it a couple of times as Black myself!} 5. e4 Bg4 6. Be3 $5 (
6. Be2 Bxf3 7. Bxf3 Qb6 {is what Black is looking for. White is forced to push
d5 (8.Ne2 runs into 8...Qb4+, while 8.Be3 leaves b2 hanging), turning the
g7-bishop into a powerful beast and losing flexibility in the centre.}) 6...
Qb6 $2 {My sixth move is designed to make this queen sortie look silly.
Almeida went for it very quickly, but he admitted afterwards that he got
carried away and was not yet paying attention to the move order.} 7. Qd2 Bxf3
8. gxf3 Qc7 (8... Nd7 {, looking forward to playing ...c5, is a better try. In
any case, Black's opening experiment should not be repeated.}) 9. f4 Nf6 10.
Be2 O-O {Since I have not been forced to go d5, we can safely say that White
got the bishop pair pretty much for free. Yes, the f-pawns are doubled, but as
we'll soon see, that's an asset, not a weakness.} 11. h4 $1 e5 12. h5 $1 {
This move took me some time.} (12. fxe5 dxe5 13. d5 {looks very natural,
getting rid of the doubled pawns and getting a passer to boot. But then I
remembered a game of mine with Milov in which I managed to open his kingside
up by using the h- and f-pawns as battering rams, and realized that the
problem with fxe5 is I don't really have any way to break through on the
kingside, while Black has a very easy game on the queenside. So, I need to
keep my f-pawn in place in order to weaken g6.} cxd5 14. cxd5 Nbd7 $132) 12...
exd4 13. Bxd4 Nbd7 14. f5 $1 {Very straightforward, but also quite strong.} Nc5
$6 {This is wrong, but it's hard to offer advice.} 15. f3 Qe7 ({After} 15...
Nxh5 16. Bxg7 Kxg7 17. Rxh5 $1 gxh5 18. Qg5+ Kh8 19. Qf6+ Kg8 20. O-O-O {
the game won't last long.}) 16. O-O-O $1 Ncd7 ({Almeida realised only now that
} 16... Nxh5 {loses to} 17. Rxh5 $1 gxh5 18. f6 $1 Bxf6 19. Rg1+ Kh8 20. Qg5 $1
{and it´s game over, since} Bxd4 (20... Nd7 21. Qg7+ Bxg7 22. Bxg7+ Kg8 23.
Bf6#) 21. Qxe7 Bxg1 {loses to} 22. Qf6+ Kg8 23. Qg5+ Kh8 24. Qxg1) 17. Rdg1 {
There is no need to take on g6 yet, for that would open f7 for the black queen,
allowing it to protect g6.} Ne5 18. hxg6 fxg6 19. f4 Rad8 (19... c5 20. fxe5
cxd4 21. exf6 dxc3 22. Qd5+ $18) 20. Be3 Ned7 (20... gxf5 21. fxe5 dxe5 22. Qc2
f4 23. Bxa7 {is totally hopeless.}) 21. fxg6 hxg6 (21... h6 22. f5 Nxe4 23.
Nxe4 Qxe4 24. Bxh6 Be5 25. Bd3 Qd4 26. Be3) 22. Rxg6 Rf7 (22... Nxe4 23. Nxe4
Qxe4 24. Rhg1 Rf7 25. Bd4 $18) 23. Bd3 Nf8 24. Rg3 Ne6 25. e5 $1 (25. Qh2 Kf8
26. Qh8+ Ng8) 25... dxe5 26. fxe5 Kf8 (26... Nd7 27. Qh2 Kf8 28. Qh8+) 27. exf6
Qxf6 28. Qe2 Nd4 29. Qh5 b6 30. Rxg7 1-0

[Event "Subasic Memorial 5th"]
[Site "Zenica"]
[Date "2006.12.09"]
[Round "2"]
[White "Atalik, Suat"]
[Black "Jovanovic, Zoran2"]
[Result "1-0"]
[WhiteElo "2583"]
[BlackElo "2539"]
[Annotator "Atalik,S"]
[PlyCount "95"]
[EventDate "2006.12.08"]
[EventType "tourn"]
[EventRounds "9"]
[EventCountry "BIH"]
[EventCategory "9"]
[SourceTitle "CBM 115 Extra"]
[Source "ChessBase"]
[SourceDate "2007.01.10"]
[SourceVersion "1"]
[SourceVersionDate "2007.01.10"]
[SourceQuality "1"]

1. d4 d6 2. Nf3 g6 3. c4 Bg7 4. e4 e5 5. Nc3 Bg4 6. d5 a5 7. Be2 Bxf3 $5 {
Modern Defence is the main weapon of this new Croatian Grandmaster who keeps
on beating Zdenko in their last 3 encounters. He rushed back to Croatia after
the tournament to play a match with Zdenko for the title of the absolute
Champion of Croatia.} (7... Bd7 8. O-O Na6 9. a3 $1 {is seen in
Epishin-Ehlvest,New York(open) 1990.} Nc5 10. Bg5 f6 11. Be3 a4 12. Bxc5 dxc5
13. d6 $16 {is the trick which gives White the upper hand.}) 8. Bxf3 h5 {
It is obvious that Black wants to exchange dark squared bishops. From my own
practice I can say that even in these case White stands better.} 9. a3 Bh6 (
9... c5 $6 10. Qb3 $16 (10. dxc6 Nxc6 11. Rb1 Nd4 12. b4 $16)) 10. Bxh6 Nxh6
11. b4 Nd7 (11... h4 12. c5) 12. Rc1 Kf8 (12... h4 $5 {deserves attention.} 13.
Nb5 b6 14. O-O Kf8 15. Be2 Kg7 16. Qd2 Ng8 $14) 13. Nb5 b6 14. h4 $5 {I have
lost two tempi by this move, however, since the position is closed this should
not matter at all.} (14. O-O Kg7 15. Qd2 Ng4 16. Rc3 Ngf6 $14) 14... Kg7 15. g3
Rf8 (15... f5 $5 {is a serious attempt to produce chaos over the board.} 16.
exf5 Nxf5 17. Qd2 (17. Be4 $6 Nf6 18. Bxf5 gxf5 $11) 17... Nf6 (17... e4 $2 18.
Bxe4 Re8 19. Qf4 $18) 18. Bg2 e4 $1 19. Qg5 $1 (19. O-O $6 e3 20. fxe3 Nxg3 21.
Rf3 Nf5 22. Nd4 Nxd4 23. exd4 Ng4 24. Rcf1 Re8 $1 (24... Qxh4 $2 25. Rf7+ Kg8
26. Qf4 $18) 25. Rf7+ Kh8 $1 $13) 19... axb4 20. axb4 e3 21. fxe3 Nxe3 22. Be4
$3 Re8 (22... Nxe4 23. Qxe3 Qd7 24. O-O $16) 23. Bxg6 Re5 24. Bf5+ Kf8 25. Qh6+
Ke8 26. Qh8+ Kf7 27. Be6+ Kg6 28. Qxd8 Rxd8 29. Kd2 c6 30. Nd4 cxd5 31. Nc6
Rxe6 32. Nxd8 Re8 33. cxd5 Nexd5 34. Nc6 $16) 16. Qd2 Ng4 17. Bd1 {A simple
move. I could not resolve the complications after the exchange of minior
pieces.} (17. Bxg4 hxg4 18. Qg5 axb4 19. axb4 Nf6 20. h5 Nxe4 (20... Rh8 $2 21.
Nxc7 Rxh5 22. Rxh5 Nxh5 23. Qxd8 Rxd8 24. Kd2 $18) 21. Qxg4 Nf6 22. Qg5 Ra2 23.
hxg6 Rh8 24. Rh4 $13) 17... Ngf6 (17... f5 18. exf5 Rxf5 19. O-O $16) 18. f3
Ne8 19. O-O Qe7 20. Qe3 Kh7 21. Rc2 Kg7 22. Rcf2 Ndf6 23. Kg2 $2 {I was still
rusty.} (23. f4 $1 {is tactically possible.} Nd7 (23... exf4 24. Rxf4 Nd7 25.
Nd4 Ne5 (25... Kg8 26. Nc6 $18) 26. Ne6+ $18) 24. f5 Ndf6 25. Qg5 $16) 23...
Nd7 24. Nc3 {White continues with his conventional plan of Ba4.} axb4 25. axb4
Nef6 26. Nb5 {I have changed my mind thinking that I may need this bishop in
the defence.} (26. Ba4 Nh7 27. Bc6 Rac8 28. Nb5 Nb8 29. Bb7 Rce8 30. Ra2 f5 31.
exf5 gxf5 32. f4 Nf6 33. Ra7 Ng4 34. Qc3 Kh6 35. Re1 e4 $13) 26... Ne8 27. Bc2
$16 Ra2 $5 $138 {He just swang the rook like this.} (27... Ndf6 28. Bd3 {
And I was trying to set this bishop up on h3 like Siegbert did in the famous
game Tarrasch-Teichmann,Ostende 1905.}) 28. Qb3 {I have rejected to
immediately win the exchange} ({with} 28. Na3 f5 29. exf5 gxf5 30. f4 e4 (30...
Nef6 31. Qb3 Rxa3 32. Qxa3 Ng4 33. Re2 $18) 31. Qb3 Rxa3 32. Qxa3 b5 33. cxb5
Nb6 34. Qc3+ Nf6 35. Bb3 Kh7 $44) 28... Ra8 29. Qc3 Kh7 30. Qe3 Ra2 31. Na3 $1
{Now we go! With the king on h7 he cannot go for f5 because of the discovered
check.} Rg8 ({I was expecting} 31... Ng7 32. Qb3 Rxc2 33. Nxc2 (33. Qxc2 f5 34.
f4 Nf6 35. fxe5 Nxe4 36. e6 Nxf2 37. Qxf2 $16) 33... f5 34. exf5 Nxf5 35. Ne3
Nd4 36. Qd3 Nxf3 37. Rxf3 e4 38. Rxf8 $1 $18) 32. Qb3 Rxa3 (32... Rxc2 33. Nxc2
g5 34. hxg5 Qxg5 35. f4 $18 {should also be winning.}) 33. Qxa3 g5 34. hxg5
Rxg5 (34... Qxg5 35. f4 Qg6 36. Rf3 exf4 37. Rxf4 Ne5 38. Qc3 $18) 35. f4 (35.
Rh1 $142 Nf8 36. Rh3 Ng6 37. Kf1 h4 38. f4 $1 $18) 35... exf4 36. e5+ $1 {
Finally I have opened my bishop.} (36. Rxf4 Ne5 $44) 36... Kg8 37. Rxf4 $4 $138
{All of a sudden I have spoiled the things due to an hallucination.} (37. exd6
Nxd6 38. Rxf4 Nxc4 (38... Ne5 39. Qe3 $18) 39. Bh7+ $18 (39. Qa8+ Nf8 40. Bh7+
$1 {is what I have seen when I have sacked my central pawn. However, for some
reason on my secondary calculation I have seen Ne8 instead of Nf8 and rejected
the line.} Kh8 41. Rxc4 Kxh7 42. Rcf4 $18)) 37... Nxe5 38. Qe3 Rg7 39. Kh1 $1
Qd7 (39... Qg5 $2 40. Rxf7 $18) 40. Bf5 $2 (40. Rh4 Nxc4 41. Qh6 $18) 40... Qe7
41. Ra1 Rg5 (41... Qg5 $2 42. Ra8 Kf8 43. Bd7 $18) 42. Bh3 Nf6 $1 (42... Rg6 $2
43. Ra8 Kg7 44. Bf5 Rg5 45. Rf1 $18) 43. Raf1 Rg6 $4 {Sidestepping all the
simple tactics the Croatian Co-Champion could have a reasonably normal
position to continue the game} ({with} 43... Nfg4 $1 44. Bxg4 hxg4 45. Rxf7
Rh5+ $1 46. Kg1 Qxf7 47. Rxf7 Kxf7 48. Kg2 Kg6 $14) 44. Rxf6 $1 $18 {Simple
tactics.} Qxf6 (44... Rxf6 45. Qg5+ $18) 45. Rxf6 Rxf6 46. Qg5+ Rg6 47. Qf4 $5
{Maybe too deep!} (47. Qd8+ Kg7 48. Qxc7 Rxg3 49. Bf1 (49. Qxd6 Rxh3+ 50. Kg2
Re3 51. Qxb6 Re4 52. c5 $18) 49... Nf3 50. Bg2 Nh4 51. Qxb6 Nxg2 52. Qxd6 $18 (
52. Qf2 Rg4 53. c5 $18 (53. Qxg2 $4 Rxg2 54. Kxg2 Kf8 55. c5 Ke7 56. c6 Kd8 57.
Kg3 f5 58. b5 Kc7 $11 {and the f and h pawns protects each other and keeps
White's king back.}))) 47... Nd3 48. Qe3 1-0

[Event "Vojvodina op 8th"]
[Site "Novi Sad"]
[Date "2017.07.22"]
[Round "8"]
[White "Atalik, Suat"]
[Black "Tosic, Miroslav"]
[Result "1-0"]
[WhiteElo "2525"]
[BlackElo "2433"]
[Annotator "Atalik,S"]
[PlyCount "103"]
[EventDate "2017.07.16"]
[EventType "swiss"]
[EventRounds "9"]
[EventCountry "SRB"]
[SourceTitle "CBM 180"]
[Source "ChessBase"]
[SourceDate "2017.09.13"]
[SourceVersion "1"]
[SourceVersionDate "2017.09.13"]
[SourceQuality "1"]

1. d4 g6 2. c4 Bg7 3. e4 d6 4. Nc3 Nd7 5. Nf3 e5 6. Be2 Ne7 $6 {I dislike and
despise this variation!} 7. h4 $1 h6 {Strangely enough GM Tosic repeats a
Turkish player's way of handling the Modern Defence from the Nis Open.} (7...
exd4 8. Nxd4 Nc6 9. Bg5) (7... h5 8. d5 a5 9. Ng5) 8. g4 exd4 $5 $146 {A new
approach which should not change the appreciation of the opening.} (8... Nc6 9.
Be3) (8... O-O 9. g5 $5 (9. d5 f5 10. gxf5 gxf5 11. Rg1 $40) 9... h5 10. d5) 9.
Nxd4 Nc6 10. Be3 O-O 11. Qd2 (11. f3 $5) 11... Nxd4 12. Bxd4 Ne5 $6 (12... Bxd4
13. Qxd4 Ne5 14. f3 (14. O-O-O $5) 14... Qf6 15. Qe3 $16 (15. O-O-O Qf4+ 16.
Kb1 Be6) 15... Qg7 16. g5 $1 hxg5 17. hxg5 Be6 18. c5 $16) 13. g5 ({I could
have even castled!} 13. O-O-O $142 $5 Nxg4 $140 $2 14. Bxg7 Kxg7 15. h5 g5 16.
Rhg1 $18) 13... h5 14. O-O-O Be6 $18 {Interestingly enough Black is lost here!}
15. f4 $1 (15. c5 $2 dxc5 16. Bxc5 Qxd2+ 17. Rxd2 Rfd8 $11) 15... c5 16. Bxe5
$1 dxe5 17. Qc2 {The threat is 12.f5} Qc8 $8 18. f5 gxf5 19. Nd5 $1 (19. exf5
$6 Bxf5 20. Bd3 Bxd3 21. Qxd3 e4 $1 $132) 19... Bxd5 (19... Re8 $2 20. Nf6+ $1
Bxf6 21. gxf6 f4 (21... Kh7 22. Rdg1 Rg8 23. Rg5 $18) 22. Rhg1+ Bg4 23. Bxg4
hxg4 24. Qe2 g3 25. Qh5 $18) 20. Rxd5 $1 {I wanted to keep the Bg7 shut in and
tried to deprive my opponent of the possibility of ...c4,} ({in the event of} 
20. cxd5 $5 fxe4 21. Qxe4 f5 22. gxf6 Rxf6 23. Bd3 Qg4 $1 $132) 20... f4 $5 (
20... fxe4 21. Qxe4 f5 22. Qf3 Qe8 23. Qxh5 Qxh5 24. Bxh5 e4 25. Bg6 e3 26.
Bxf5 Rae8 27. Bg6 Re7 28. h5 Rf2 29. Rd8+ $18) 21. Bxh5 Qe6 22. Bf3 b5 23. h5
$1 Rfd8 (23... bxc4 24. Be2 $1 $18 (24. h6 Bh8 25. h7+ Kg7 26. Rh6 Qe7 27. Qh2
Qxg5 28. Rhd6 Rae8 29. Rd2 $18)) 24. cxb5 (24. Rhd1 $142 Rxd5 25. exd5 Qh3 26.
Qe4 bxc4 27. d6 Rd8 28. h6 Bf8 29. g6 Qxh6 30. gxf7+ Kxf7 31. Qf5+ $18) 24...
a6 25. g6 $2 (25. Rhd1 Rdb8) ({The most accurate is} 25. Qd1 $1 Rxd5 (25...
Rdb8 26. Bg4) 26. exd5 Qf5 27. d6 e4 28. Qc2 Re8 29. bxa6 Qxg5 30. d7 $18) (25.
Qd3 Rdb8) 25... Bh6 $2 {He had to take on b5.} (25... axb5 $1 26. h6 Bf6 27. g7
Bg5 $1 28. Qh2 Kh7 29. Qh5 Qf6 30. Bg4 f3+ 31. Kb1 Bxh6 32. g8=Q+ Rxg8 33. Bf5+
Kg7 34. Qxf3 b4 $132) 26. Rhd1 $1 Bg5 27. Qg2 (27. Rg1 $5) 27... Rxd5 28. Rxd5
$6 (28. exd5 Qf5 29. gxf7+ Kxf7 30. d6 e4 31. Qc2 $1 $18 {Actually gradually
getting shorter in time I have missed this rejoinder at the end of the
variation!}) 28... Bh6 29. b6 f6 30. b7 $2 $138 {However this is too much. I
lost my important passer with this totally unnecessary push!} (30. Qd2 Qxb6 31.
Bg4 $18) ({I had to stick to my original intention:} 30. Qg4 $1 Qxg4 31. Bxg4
Rb8 32. Rd6 $18) 30... Rb8 31. Qg4 $1 ({I felt something about his counterplay
on the b-file after my pre-planned pawn pushes} 31. g7 $2 Qb6 $1 (31... Qf7 $5)
32. Qg6 Qxb7 33. Qxh6 Qxb2+ 34. Kd1 Qa1+ 35. Ke2 Rb2+ 36. Rd2 Rxd2+ 37. Kxd2
Qd4+ $11) (31. Qc2 Rxb7 32. Rd8+ Kg7 33. Qxc5) 31... Qxg4 32. Bxg4 f3+ $2 {
He overreacted as well.} ({The way to keep White sweating was} 32... Rxb7 $1
33. Kc2 Kg7 (33... Rc7 34. Rd6 Kg7 35. Rxa6 Bg5 36. Ra8 $18) 34. Rxc5 (34. Rd8
f5 35. Bxf5 f3) 34... f5 $5 35. Bxf5 f3 36. Rxe5 Bf4 37. Rd5 Kh6 38. Bh3 $18)
33. Kd1 Rxb7 (33... f2 34. Ke2 Rxb7 35. Kxf2 (35. Rd8+ Kg7 36. Rd7+ $2 Rxd7 37.
Bxd7 Be3 $11) (35. b3 c4) 35... Rxb2+ 36. Kf3 Rb7 (36... Rd2 37. Be6+ Kg7 38.
Rxc5 f5 39. exf5 $18) 37. Be6+ Kg7 38. Kg4 $1 Rc7 39. Rd8 $18 {leads to a
mating attack.}) 34. Bxf3 Kg7 {Because of a direct attack on his king Black
can not pick up the pawn on b2, so he rather has to bring his majesty up.} (
34... Rxb2 $2 35. Rd8+ Kg7 36. Rd7+ $18) (34... Rc7 35. Rd6 $18) 35. Rxc5 Be3 (
35... Rxb2 $2 36. Rc7+ Kf8 37. Bg4 $1 {with an insurmountable attack.} (37. Rh7
Bg7 38. h6 $18)) 36. Rc2 $5 $18 {White being two pawns up and having
consolidated could play faster in time trouble.} Kh6 37. b3 Rd7+ 38. Ke1 $5 Bf4
39. Bg4 Rb7 40. Rc6 Kg5 41. Bf5 Ra7 42. Rc8 $1 Kxh5 43. Rh8+ Bh6 (43... Kg5 44.
Rh7 Ra8 45. g7 $18) 44. Ke2 Kg5 45. Rh7 Ra8 46. b4 Rd8 47. a4 Kh5 48. b5 (48.
g7 Rg8 49. b5 $18) 48... axb5 49. axb5 Rd2+ 50. Ke1 Rb2 51. g7 Rg2 52. b6 1-0

[Event "Asia-ch 5th"]
[Site "Hyderabad"]
[Date "2005.10.08"]
[Round "3"]
[White "Ghaem Maghami, Ehsan"]
[Black "Simonenko, Sergei"]
[Result "1-0"]
[WhiteElo "2586"]
[BlackElo "2409"]
[Annotator "Atlas,V"]
[PlyCount "139"]
[EventDate "2005.10.05"]
[EventType "swiss"]
[EventRounds "9"]
[EventCountry "IND"]
[SourceTitle "CBM 110"]
[Source "ChessBase"]
[SourceDate "2006.01.31"]
[SourceVersion "1"]
[SourceVersionDate "2006.01.31"]
[SourceQuality "1"]

1. e4 g6 2. d4 Bg7 3. c4 d6 4. Nc3 e5 5. d5 a5 6. a3 Nd7 7. Rb1 h5 8. Nf3 Bh6
9. b4 b6 10. Be2 Kf8 11. O-O Kg7 12. Ne1 axb4 13. axb4 Ngf6 14. Bb2 Re8 15. Ra1
Bb7 16. Nc2 Qe7 17. Qd3 Rec8 18. Nb5 Ba6 19. Nca3 Bb7 20. Nc3 Qd8 21. Nab5 {
Exploiting Black's passive play, White obtain a large positional advantage.}
Rxa1 22. Rxa1 Ra8 23. Na7 Ne8 24. g3 Kh7 25. Kg2 Qg5 26. Qf3 Qf6 27. Qxf6 Nexf6
28. Bd3 Bd2 29. Kf3 Ne8 30. Ke2 Bh6 31. Bc2 Kg8 32. Ncb5 Bg7 33. Ra3 Kh7 34.
Bc3 Bh6 35. Ra1 Kg8 36. Be1 Kh7 37. Ra2 Kg8 38. Nc3 Kg7 39. f3 Kg8 40. Bf2 Bc1
41. Ba4 Ndf6 42. Bc6 Bxc6 43. Nxc6 Rxa2+ 44. Nxa2 Bh6 45. c5 (45. Nc3 {, with
the idea Nb5 was another tempting continuation.}) 45... bxc5 46. bxc5 Nd7 47.
cxd6 cxd6 48. Ne7+ Kf8 49. Nc8 f5 50. Nc3 Bg5 51. Nb5 fxe4 52. fxe4 Be7 53. Kf3
Kf7 54. Be1 Nc5 55. Bb4 Nb7 56. Na3 Bf8 57. Nc4 Kf6 $2 ({The decisive mistake.
After} 57... Kg8 {White still had to overcome some technical difficulties.}) {
[%tqu "En","How can White use the disharmony in the placement of Black's
pieces?","Weakness of the diagonal f8-a3 and an unfortunate placement of the
enemy king are the main motives of White's combination.","Sacrifice your
knight!","c4e5","This crushing blow destroys Black's fragile defensive
construction.",4]} 58. Nxe5 $1 {[%csl Gb4,Rf6,Rf8] The final blow! Now Black's
position is position is absolutely hopeless.} dxe5 ({Or} 58... Kxe5 59. Bc3#)
59. Bxf8 Kf7 60. Bb4 Kf6 61. Nb6 h4 62. gxh4 Kg7 63. Nc4 Nf6 64. Nxe5 Kh7 65.
Be7 Ne8 66. Nc4 Kg7 67. e5 Kf7 68. Bb4 Nc7 69. Ke4 Nd8 70. Ba5 1-0

[Event "Paris op"]
[Site "Paris"]
[Date "1998.??.??"]
[Round "3"]
[White "Avrukh, Boris"]
[Black "Belkhodja, Slim"]
[Result "1-0"]
[WhiteElo "2565"]
[BlackElo "2440"]
[Annotator "Avrukh,B"]
[PlyCount "49"]
[EventDate "1998.07.??"]
[EventType "swiss"]
[EventRounds "9"]
[EventCountry "FRA"]
[SourceTitle "EXT 2000"]
[Source "ChessBase"]
[SourceDate "1999.11.16"]
[SourceVersion "1"]
[SourceVersionDate "1999.11.16"]
[SourceQuality "1"]

1. d4 d6 2. Nf3 g6 3. c4 Bg7 4. Nc3 e5 5. e4 Bg4 $6 6. d5 Nd7 (6... f5 7. h3 (
7. Be2 $5 {[%cal Gf3g5]}) 7... Bxf3 8. Qxf3 Ne7 9. h4 O-O 10. h5 fxe4 11. Qh3
$1 Qc8 12. g4 Qe8 13. hxg6 Qxg6 14. Bg2 Rf3 15. Bxf3 exf3 16. Qh4 Bf6 17. Qh5
Nd7 18. Qxg6+ Nxg6 19. Be3 $16 {Polugaevsky,L-Seirawan,Y/Lone Pine op 1978/1-0
(42)}) 7. Be2 (7. h3 Bxf3 8. Qxf3 Ne7 (8... a5 9. b3 Bh6 10. Ba3 Qg5 11. Rd1 f5
12. g3 Qf6 13. Bg2 b6 14. h4 Ne7 15. h5 Kf7 16. Nb5 Rac8 17. Bh3 Kg7 18. Rh2
Rhf8 19. hxg6 hxg6 20. Ke2 Nc5 21. Bxc5 bxc5 22. Rdh1 Rh8 23. Bg2 Qg5 24. Qc3
fxe4 25. Bxe4 Nf5 26. Bxf5 Qxf5 27. Qd3 $16 {Polugaevsky,L-Kagan,S/Petropolis
izt 1973/1-0 (65)}) 9. g4 c6 10. h4 Qb6 11. h5 O-O 12. Qh3 cxd5 13. cxd5 Rfc8
14. hxg6 Nxg6 15. Qxh7+ Kf8 16. Bh6 Bxh6 17. Qxh6+ Ke7 18. Qd2 $16 {Ivanov,
M-Hillarp Persson,T/Eikrem mem 1996/1-0 (45)}) 7... Bxf3 8. Bxf3 h5 {[%cal
Gg7h6]} (8... Bh6 9. Bxh6 Nxh6 10. Qc1 Ng8 11. b4 $14) 9. b3 $14 {[%csl Gc1,
Gf3] It's very important for white to save black colour bishops.} (9. b4 a5 10.
Ba3 axb4 11. Bxb4 Nc5 12. a4 $14) 9... Ngf6 (9... Bh6 10. Bb2 Ngf6 11. b4 O-O
12. O-O Qe7 13. Qd3 Ne8 14. Rae1 Ng7 15. Bd1 a5 16. a3 axb4 17. axb4 c5 18.
dxc6 bxc6 19. Ba4 Rfc8 20. Rd1 Nb6 21. Bb3 $14 {Polugaevsky,L-Gurgenidze,B/
URS-ch35 1967/1-0 (89)}) 10. a3 {[%cal Gb3b4]} (10. Bb2 {was also possible ,
but i wanted to save my bishop on the c1-h6 diagonal , until black 's Bh6 move.
}) 10... h4 11. b4 Nh5 12. Bb2 {[%cal Ga1c1] Now it's very difficult for black
to custle ,so i am trying to play quickly for c5 break.} Kf8 (12... Nf4 13. g3
hxg3 14. hxg3 Rxh1+ 15. Bxh1 Nh5 16. Bf3 Nhf6 17. Rc1 $16 {[%cal Ge1f1,Gf1g2]})
13. Rc1 Kg8 14. Kf1 (14. g3 $5) 14... a5 15. g3 $1 {[%csl Gf4]} axb4 16. axb4
Qf6 $6 {[%cal Gd7b6]} (16... Bf8 $142 {[%cal Gc7c5]}) 17. Ke2 $1 {[%csl Gf3]}
Nb6 18. Qb3 $16 {[%cal Gc4c5]} (18. Qd3 $5 Na4 19. Ra1 Nxc3+ 20. Bxc3 Kh7 21.
Bxh5 gxh5 22. f4 $16) 18... Bf8 19. Rc2 Nd7 20. Na2 $1 {[%cal Ga2c1,Gc1d3]} Be7
21. Nc1 Kg7 22. Rg1 Rhb8 23. Nd3 {Now black hopeless against white's breakes
c4-c5 and f2-f4.} Kh7 24. Bg4 Nf8 25. f4 1-0

[Event "Moscow-B"]
[Site "Moscow"]
[Date "1986.03.14"]
[Round "1"]
[White "Tomaszewski, Roman"]
[Black "Azmaiparashvili, Zurab"]
[Result "1/2-1/2"]
[WhiteElo "2390"]
[BlackElo "2465"]
[Annotator "Azmaiparashvili"]
[PlyCount "124"]
[EventDate "1986.03.??"]
[EventType "tourn"]
[EventRounds "11"]
[EventCountry "URS"]
[EventCategory "7"]
[SourceTitle "EXT 2002"]
[Source "ChessBase"]
[SourceDate "2001.11.25"]
[SourceVersion "1"]
[SourceVersionDate "2001.11.25"]
[SourceQuality "1"]

1. d4 d6 2. Nf3 g6 3. g3 Bg7 4. Bg2 Nd7 5. O-O e5 6. c4 Ne7 7. Nc3 O-O 8. e4
exd4 9. Nxd4 Nc6 10. Nde2 Nde5 (10... Nc5 $5 11. b3 a5 $13) 11. b3 f5 12. f4
Ng4 13. exf5 (13. Qd2 fxe4 14. Bxe4 Nf6 15. Bg2 Bf5 16. Bb2 Qd7 $11) 13... Bxf5
14. h3 Nf6 15. Be3 (15. g4 $6 Nxg4 $1 16. hxg4 Bxg4 $17) (15. Qd2) 15... Qd7
16. Kh2 $2 (16. g4 Rae8 17. Bf2 Ne4 (17... Nxg4 18. hxg4 Bxg4 19. Qd5+ Kh8 20.
Rae1 $16) 18. Qd5+ Qf7 19. gxf5 $1 Nxc3 20. Nxc3 Bxc3 21. Rac1 Bg7 22. fxg6
hxg6 23. c5 $14) 16... Rae8 17. Qd2 Re7 18. Rae1 Rfe8 19. Nc1 Ne4 20. Nxe4 Bxe4
21. Bf2 d5 $3 $15 22. Bxe4 (22. cxd5 Bxg2 23. Kxg2 Nd4 $1 24. Bxd4 Qxd5+ 25.
Kh2 Qxd4 $17) 22... dxe4 23. Qxd7 Rxd7 24. Re2 Kf7 25. Kg2 Bd4 $6 (25... Nd4 $5
26. Bxd4 Rxd4 {/\ a5-a4=/+}) 26. Rd1 Rd6 27. g4 e3 28. Bg1 Rde6 29. Nd3 Bb6 30.
c5 Ba5 31. Ne5+ Nxe5 32. fxe5 Rxe5 33. Rd7+ Kg8 $2 (33... R8e7 34. Rxe7+ Kxe7
35. Rxe3 Ke6 36. Kf3 Rxe3+ 37. Bxe3 $15) 34. a3 $1 $11 Bd2 35. Rxc7 a5 36. Rxb7
Rxc5 37. b4 Rc3 38. bxa5 Rxa3 39. Rb5 Re7 40. Rd5 Kf7 41. Kf3 Bxa5 42. Rxe3 (
42. Bxe3 $4 Bb6 $19) 42... Rexe3+ 43. Bxe3 Ke6 44. Rd4 Bb6 45. Re4+ Kd5 46. Re8
g5 47. Ke2 Bxe3 48. Rxe3 Rxe3+ 49. Kxe3 Ke5 50. Kf3 Kd4 51. Kg3 Ke4 52. h4 h6
53. hxg5 hxg5 54. Kg2 Kf4 55. Kh3 Kf3 56. Kh2 Kxg4 57. Kg2 Kf4 58. Kf2 g4 59.
Kg2 g3 60. Kg1 Kf3 61. Kf1 g2+ 62. Kg1 Kg3 1/2-1/2